[Event "SM-gruppen"]
[Site "Kungsör"]
[Date "2009.06.30"]
[Round "3"]
[White "Blomqvist, Erik"]
[Black "Nithander, Victor"]
[Result "1/2-1/2"]
[WhiteElo "2436"]
[BlackElo "2422"]
[Annotator ""]

1.d4 Nf6 2.c4 g6 3.Nc3 Bg7 4.e4 d6 5.Be2 O-O 6.Nf3 e5 7.O-O Nc6
8.d5 Ne7 9.a3 Bd7 10.b3 a5 11.Ra2 Qb8 12.Rc2 h5 13.Nd2 c6 14.Bd3
Bh6 15.Nf3 Bxc1 16.Qxc1 Kg7 17.Ng5 cxd5 18.cxd5 Qa7 19.Bb5 Rac8
20.Bxd7 Nxd7 21.Nb5 Qb6 22.a4 Rxc2 23.Qxc2 Nf6 24.Qd2 Rc8 25.h3
h4 26.Kh2 Nh5 27.Nf3 Nf6 28.Ng5 Nh5 29.Qe3 Qd8 30.Rc1 Rxc1 31.Qxc1
Qb6 32.Qd2 Nf4 33.Nf3 Qd8 34.Qc3 Ng8 35.Qc7 Qxc7 36.Nxc7 Nf6
37.Nd2 Kf8 38.f3 Ne2 39.Nb5 Ke7 40.Nc4 Nh5 41.Nbxd6 Nhg3 42.Nxb7
Nf1+ 43.Kh1 Nfg3+ 44.Kh2 1/2-1/2

[Event "SM-gruppen"]
[Site "Kungsör"]
[Date "2009.06.30"]
[Round "3"]
[White "Cramling, Pia"]
[Black "Åkesson, Ralf"]
[Result "1/2-1/2"]
[WhiteElo "2528"]
[BlackElo "2493"]
[Annotator ""]

1.d4 Nf6 2.Nf3 e6 3.c4 d5 4.Nc3 dxc4 5.e3 c5 6.Bxc4 Nc6 7.O-O
Be7 8.dxc5 Qxd1 9.Rxd1 Bxc5 10.Bd2 a6 11.a4 b6 12.Bd3 Nb4 13.Be2
a5 14.Ne5 Bb7 15.Bb5+ Ke7 16.Ne2 Rhd8 17.Bxb4 axb4 18.Nf4 Rxd1+
19.Rxd1 Bd6 20.Nfd3 Be4 21.Nc4 Rd8 22.Nde5 Bxe5 23.Rxd8 Kxd8
24.Nxe5 Ke7 25.f3 Bb7 26.e4 Ne8 27.Bxe8 Kxe8 28.Kf2 f6 29.Nc4
Ba6 30.Nxb6 Kd8 31.Ke3 Kc7 32.a5 Kc6 33.b3 Bf1 34.Nc4 Bxg2 35.Kf2
Bh3 36.f4 Bg4 37.Ne3 Bh5 38.Nc2 Kb5 39.a6 Kxa6 40.Nxb4+ Kb5 41.Nc2
e5 1/2-1/2

[Event "SM-gruppen"]
[Site "Kungsör"]
[Date "2009.06.30"]
[Round "3"]
[White "Grandelius, Nils"]
[Black "Berg, Emanuel"]
[Result "0-1"]
[WhiteElo "2491"]
[BlackElo "2610"]
[Annotator ""]

1.e4 c5 2.Nf3 e6 3.d4 cxd4 4.Nxd4 a6 5.Bd3 d6 6.Qe2 Be7 7.Nb3
Nd7 8.Na3 g6 9.O-O Ngf6 10.Bh6 Ne5 11.Nc4 Nfg4 12.Bg7 Rg8 13.Bxe5
Nxe5 14.Nxe5 dxe5 15.Qe3 h5 16.Nd2 Bg5 17.Qe1 Qc7 18.a4 Bd7 19.Nc4
Rc8 20.a5 Bb5 21.Nb6 Bxd3 22.cxd3 Rd8 23.Ra3 Qc2 24.Nc4 Rxd3
25.Rxd3 Qxd3 26.Nxe5 Qd2 27.Qa1 Bf6 28.Qa4+ Kf8 29.Nd7+ Kg7 30.Nxf6
Kxf6 31.Qb3 Qxa5 32.Qxb7 Qb5 33.Qa7 Rd8 34.Qc7 Rd3 35.f4 Qxb2
36.f5 gxf5 37.exf5 Qd4+ 38.Kh1 Rd1 39.fxe6+ Rxf1# 0-1

[Event "SM-gruppen"]
[Site "Kungsör"]
[Date "2009.06.30"]
[Round "3"]
[White "Hillarp Persson, Tiger"]
[Black "Brynell, Stellan"]
[Result "0-1"]
[WhiteElo "2618"]
[BlackElo "2463"]
[Annotator ""]

1.e4 e6 2.d4 d5 3.Nc3 Nf6 4.e5 Nfd7 5.f4 c5 6.Nce2 Nc6 7.c3 Be7
8.Nf3 O-O 9.Be3 f6 10.h4 cxd4 11.cxd4 Nb6 12.b3 Bd7 13.g3 Rc8
14.a3 a5 15.Bh3 f5 16.g4 a4 17.gxf5 exf5 18.b4 Nc4 19.Bc1 Bxh4+
20.Kf1 Be7 21.Nc3 Nb6 22.Bd2 Na7 23.Kf2 Nb5 24.Ne2 Rc6 25.Ng3
Nc4 26.Bf1 Qb6 27.Rc1 Nbxa3 28.Bg2 Nb5 29.Rxc4 Rxc4 30.Nf1 Rxd4
31.Kg3 Nc3 32.Qe1 Ne4+ 33.Kh2 Rxd2 34.N1xd2 Bxb4 35.Qh4 Qh6 36.Qxh6
gxh6 37.Nf1 Bc3 38.Ne3 Be6 39.Rc1 a3 0-1

[Event "SM-gruppen"]
[Site "Kungsör"]
[Date "2009.06.30"]
[Round "3"]
[White "Johansson, Jan"]
[Black "Glimbrant, Torbjörn"]
[Result "1-0"]
[WhiteElo "2440"]
[BlackElo "2244"]
[Annotator ""]

1.e4 e5 2.Nf3 Nc6 3.d4 exd4 4.Nxd4 Bc5 5.Nb3 Bb4+ 6.c3 Be7 7.f4
d6 8.Bd3 Nf6 9.Be3 O-O 10.N1d2 d5 11.Qc2 dxe4 12.Nxe4 Ng4 13.Bg1
f5 14.O-O-O Qe8 15.Ng3 Bd6 16.Nxf5 Bxf4+ 17.Kb1 Nce5 18.Be4 Qh5
19.Ne7+ Kh8 20.Nxc8 Raxc8 21.Bxb7 Rb8 22.Be4 Be3 23.Qe2 Bxg1
24.Rhxg1 Rf2 25.Qb5 Rff8 26.Qc5 h6 27.Rdf1 Rfe8 28.h3 Nf6 29.Bc2
Nfd7 30.Qd5 Nf6 31.Qc5 Nfd7 32.Qxc7 Qe2 33.Qd6 Qb5 34.Re1 a5
35.a4 Qxa4 36.Nd4 Qc4 37.Qa3 Rb6 38.Ka1 Reb8 39.Rb1 Nc5 40.Rge1
Ned3 41.Re3 a4 42.Bxd3 Nxd3 43.Qa2 Qa6 44.Qf7 Nc5 45.Nf5 R6b7
46.Re7 Rxe7 47.Qxe7 Nb3+ 48.Ka2 Rb7 49.Qe8+ Kh7 50.Qe4 Nc5 51.Qd5
a3 52.b4 Na4 53.Kb3 Nb6 54.Qe4 Rc7 55.Nd6+ Kg8 56.Qe6+ Kh7 57.Qf5+
Kg8 58.Qe6+ Kh7 59.Qe4+ Kg8 60.Ka2 Rxc3 61.Qe6+ Kh7 62.Qf5+ 1-0

[Event "SM-gruppen"]
[Site "Kungsör"]
[Date "2009.06.30"]
[Round "3"]
[White "Semcesen, Daniel"]
[Black "Ernst, Thomas"]
[Result "1/2-1/2"]
[WhiteElo "2387"]
[BlackElo "2414"]
[Annotator ""]

1.d4 Nf6 2.c4 g6 3.Nc3 d5 4.Nf3 Bg7 5.Bg5 Ne4 6.Bh4 Nxc3 7.bxc3
c5 8.cxd5 Qxd5 9.e3 cxd4 10.cxd4 Nc6 11.Be2 O-O 12.O-O e5 13.dxe5
Qa5 14.Bf6 Bxf6 15.exf6 Qf5 16.Nd4 Qxf6 17.Nxc6 Qxc6 18.Rc1 Qb6
19.Bf3 Rd8 20.Qb3 1/2-1/2

[Event "SM-gruppen"]
[Site "Kungsör"]
[Date "2009.06.30"]
[Round "3"]
[White "Tikkanen, Hans"]
[Black "Hänninger, Simon"]
[Result "1-0"]
[WhiteElo "2425"]
[BlackElo "2167"]
[Annotator ""]

1.Nf3 c5 2.c4 Nf6 3.g3 b6 4.Bg2 Bb7 5.O-O e6 6.Nc3 Be7 7.d4 O-O
8.e4 cxd4 9.Qxd4 Nc6 10.Qd3 d6 11.Rd1 Nd7 12.Qe2 a6 13.b3 Qc7
14.Bg5 Nde5 15.Bxe7 Nxf3+ 16.Qxf3 Nxe7 17.Rac1 Rad8 18.Qe3 Bc6
19.Nd5 Bxd5 20.cxd5 Qb7 21.dxe6 fxe6 22.Bh3 e5 23.Rd2 Kh8 24.Rdc2
Ng6 25.Rc7 Qb8 26.Bf5 d5 27.Qg5 1-0

[Event "SM-gruppen"]
[Site "Kungsör"]
[Date "2009.07.01"]
[Round "4"]
[White "Berg, Emanuel"]
[Black "Cramling, Pia"]
[Result "1-0"]
[WhiteElo "2610"]
[BlackElo "2528"]
[Annotator ""]

1.e4 c5 2.Nf3 e6 3.d4 cxd4 4.Nxd4 a6 5.Be3 Qc7 6.Nc3 Nf6 7.Be2
Be7 8.f3 Nc6 9.Qd2 d6 10.O-O-O h5 11.h3 h4 12.Nxc6 Qxc6 13.Bg5
b5 14.a3 Bb7 15.f4 Rd8 16.Bf3 Qb6 17.Rhe1 Ng8 18.Bxe7 Kxe7 19.e5
Bxf3 20.gxf3 dxe5 21.Qg2 Rxd1+ 22.Rxd1 Nf6 23.fxe5 Qe3+ 24.Kb1
Qxe5 25.f4 Qc7 26.Qxg7 Rh5 27.Qg2 Rc5 28.Qf2 Rh5 29.Ne2 Nd5 30.Qf3
Rf5 31.Qg4 Ne3 32.Qxh4+ Rf6 33.Rd2 Qc4 34.Qg5 Nd5 35.Qg1 Rg6
36.Qa7+ Qc7 37.Qf2 Kf8 38.h4 Qe7 39.f5 Rf6 40.Ng3 Qc7 41.Qg1
a5 42.fxe6 fxe6 43.Ne4 Rf5 44.Rg2 Qf7 45.Qc5+ Ne7 46.Qb6 Rf1+
47.Ka2 e5+ 48.b3 Qd5 49.Qh6+ Ke8 50.Qh8+ 1-0

[Event "SM-gruppen"]
[Site "Kungsör"]
[Date "2009.07.01"]
[Round "4"]
[White "Brynell, Stellan"]
[Black "Blomqvist, Erik"]
[Result "1-0"]
[WhiteElo "2463"]
[BlackElo "2436"]
[Annotator ""]

1.d4 d5 2.c4 c6 3.Nf3 Nf6 4.Nc3 a6 5.e3 b5 6.cxd5 cxd5 7.Ne5
e6 8.Bd3 Bd6 9.O-O Bb7 10.Bd2 O-O 11.Rc1 Nbd7 12.f4 Ne4 13.a4
b4 14.Nxe4 dxe4 15.Bc4 Nb6 16.Bb3 a5 17.Qh5 g6 18.Qh6 Qf6 19.Be1
Rac8 20.Bh4 Qg7 21.Qg5 Bd5 22.Bxd5 Nxd5 23.Qg3 b3 24.Nc6 Ra8
25.Rc4 f5 26.Rfc1 Qb7 27.Ne5 Kg7 28.Bg5 Rfc8 29.Qh4 Rxc4 30.Rxc4
Rc8 31.h3 Rxc4 32.Bh6+ 1-0

[Event "SM-gruppen"]
[Site "Kungsör"]
[Date "2009.07.01"]
[Round "4"]
[White "Ernst, Thomas"]
[Black "Hillarp Persson, Tiger"]
[Result "1/2-1/2"]
[WhiteElo "2414"]
[BlackElo "2618"]
[Annotator ""]

1.e4 c5 2.Nf3 d6 3.d4 cxd4 4.Nxd4 Nf6 5.Nc3 e6 6.Be2 Nbd7 7.O-O
a6 8.Be3 Qc7 9.f4 b5 10.Bf3 Bb7 11.f5 e5 12.Ne6 fxe6 13.fxe6
Nb6 14.Bh5+ Kd8 15.a4 b4 16.Rxf6 gxf6 17.Nd5 Nxd5 18.exd5 Rg8
19.Qf3 f5 20.Bf7 Rg7 21.Qxf5 Rxf7 22.exf7 Qd7 23.Bb6+ Kc8 24.Qd3
a5 25.c3 Ba6 26.Qxh7 Kb7 27.Be3 Bc4 28.Qe4 Rc8 29.Bf2 Qxf7 30.Qe3
Ka8 31.cxb4 Bxd5 32.Rd1 Bb3 33.Rd3 Bc4 34.Rd1 d5 35.b3 d4 36.Qxe5
Bxb3 37.Qxa5+ Qa7 38.Qf5 Qb7 39.Qa5+ Qa7 40.Qxa7+ Kxa7 41.Rxd4
Bxa4 42.Rd8+ Kb7 43.Rxc8 Kxc8 44.Bc5 Bxc5+ 45.bxc5 Kc7 46.Kf2
Kc6 47.Ke3 Kxc5 48.Kf4 Kd5 49.Kf5 Bc2+ 50.Kf6 Ke4 51.g4 Kf4 52.g5 1/2-1/2

[Event "SM-gruppen"]
[Site "Kungsör"]
[Date "2009.07.01"]
[Round "4"]
[White "Glimbrant, Torbjörn"]
[Black "Grandelius, Nils"]
[Result "0-1"]
[WhiteElo "2244"]
[BlackElo "2491"]
[Annotator ""]

1.d4 Nf6 2.c4 e6 3.Nf3 Bb4+ 4.Bd2 a5 5.g3 b6 6.Bg2 Ba6 7.b3 O-O
8.O-O Bb7 9.a3 Be7 10.Bg5 a4 11.Nc3 axb3 12.Qxb3 Nc6 13.Rfd1
Na5 14.Qa2 Ne4 15.Nxe4 Bxe4 16.Bd2 d5 17.Ne5 Bxg2 18.Bxa5 dxc4
19.Kxg2 Rxa5 20.Qxc4 Qa8+ 21.Kg1 Bd6 22.Rd3 b5 23.Qc2 c5 24.Nf3
c4 25.Re3 Bxa3 26.d5 exd5 27.Qf5 g6 28.Qh3 Bc5 29.Rxa5 Qxa5 30.Ng5
Qa1+ 31.Kg2 Qg7 32.Re5 h6 33.Rxd5 hxg5 34.Rxc5 Qd4 35.Rxb5 c3
36.Qh6 c2 37.Qxg5 Rc8 0-1

[Event "SM-gruppen"]
[Site "Kungsör"]
[Date "2009.07.01"]
[Round "4"]
[White "Hänninger, Simon"]
[Black "Nithander, Victor"]
[Result "1/2-1/2"]
[WhiteElo "2167"]
[BlackElo "2422"]
[Annotator ""]

1.Nf3 c5 2.c4 Nf6 3.g3 d5 4.cxd5 Nxd5 5.Nc3 Nc6 6.d4 cxd4 7.Nxd4
Nxc3 8.bxc3 Qd5 9.Rg1 Bd7 10.Qb3 Qxb3 11.axb3 e5 12.Nxc6 Bxc6
13.Be3 Be7 14.Bg2 e4 15.Bd4 O-O 16.f3 f5 17.fxe4 fxe4 18.Rxa7
Rxa7 19.Bxa7 Ra8 20.Bd4 Bg5 21.e3 Ra1+ 22.Kf2 Ra2+ 23.Ke1 Ra1+
24.Kf2 Ra2+ 25.Ke1 h5 26.Bf1 Rxh2 27.Rg2 Rh1 28.Kf2 Kh7 29.Rg1
Rh2+ 30.Rg2 Rh1 31.Rg1 Rxg1 32.Kxg1 Be7 33.Bh3 Bd6 34.Kf2 g5
35.Bf5+ Kh6 36.Bf6 b5 37.b4 1/2-1/2

[Event "SM-gruppen"]
[Site "Kungsör"]
[Date "2009.07.01"]
[Round "4"]
[White "Åkesson, Ralf"]
[Black "Semcesen, Daniel"]
[Result "1/2-1/2"]
[WhiteElo "2493"]
[BlackElo "2387"]
[Annotator ""]

1.d4 d5 2.c4 dxc4 3.Nf3 Nf6 4.e3 Bg4 5.Bxc4 e6 6.h3 Bh5 7.O-O
a6 8.b3 Nc6 9.Bb2 Bd6 10.Nbd2 O-O 11.Be2 Re8 12.Rc1 Qe7 13.Nc4
Rad8 14.Nfd2 Bg6 15.Nxd6 cxd6 16.Ba3 Qc7 17.b4 b5 18.Bb2 Qb6
19.a3 Rc8 20.Nb3 Be4 21.f3 Bd5 22.Kh2 e5 23.dxe5 Qxe3 24.exf6
Bxb3 25.Qd3 Qf4+ 26.g3 Qh6 27.Rce1 Bc4 28.Qd1 Be6 29.h4 gxf6
30.f4 Ne7 31.Bd3 1/2-1/2

[Event "SM-gruppen"]
[Site "Kungsör"]
[Date "2009.07.02"]
[Round "5"]
[White "Blomqvist, Erik"]
[Black "Ernst, Thomas"]
[Result "0-1"]
[WhiteElo "2436"]
[BlackElo "2414"]
[Annotator ""]

1.e4 c5 2.Nf3 d6 3.d4 cxd4 4.Nxd4 Nf6 5.Nc3 Nc6 6.Bg5 e6 7.Qd2
Be7 8.O-O-O O-O 9.f4 e5 10.Nf5 Bxf5 11.exf5 exf4 12.Kb1 d5 13.Bxf6
Bxf6 14.Nxd5 Be5 15.c3 Ne7 16.Bc4 Nxf5 17.Qe2 Bd6 18.Nxf4 Qg5
19.g3 Bxf4 20.gxf4 Qf6 21.Qf3 Nd6 22.Bb3 a5 23.Rd5 a4 24.Bc2
g6 25.Qd3 Nf5 26.Qh3 Ne7 27.Rd7 a3 28.Re1 Nc6 29.f5 Ne5 30.Rd5
Nc4 31.fxg6 hxg6 32.b3 Nb6 33.Rf5 Qg7 34.Rb5 Rfe8 35.Rg1 Rac8
36.Rxb6 Rxc3 37.Bxg6 Rxh3 38.Bxf7+ Kf8 39.Rxg7 Re1+ 40.Kc2 Kxg7
41.Rxb7 Kf6 42.Bc4 Rh1 43.Rf7+ Ke5 44.Re7+ Kd6 45.Re6+ Kc5 46.Re5+
Kd4 47.Rd5+ Ke4 48.Rd2 R1xh2 49.b4 Rxd2+ 50.Kxd2 Kd4 51.Be2 Rb3 0-1

[Event "SM-gruppen"]
[Site "Kungsör"]
[Date "2009.07.02"]
[Round "5"]
[White "Cramling, Pia"]
[Black "Glimbrant, Torbjörn"]
[Result "1-0"]
[WhiteElo "2528"]
[BlackElo "2244"]
[Annotator ""]

1.d4 d5 2.Nf3 Nf6 3.c4 e6 4.Nc3 Be7 5.Bg5 O-O 6.e3 h6 7.Bh4 b6
8.Qb3 Bb7 9.Bxf6 Bxf6 10.cxd5 exd5 11.Rd1 Re8 12.a3 c6 13.Bd3
Nd7 14.O-O Nf8 15.Rfe1 Ne6 16.Bb1 g6 17.Ba2 Rc8 18.Rd2 Rc7 19.Qd1
Bg7 20.g3 Rce7 21.h4 Qc8 22.Kh2 a5 23.Qc2 h5 24.Rc1 Qb8 25.Qd1
b5 26.a4 b4 27.Ne2 Bf6 28.Nf4 Nxf4 29.exf4 Kg7 30.Rc5 Qa7 31.Rdc2
Re4 32.Rc1 Be7 33.R5c2 Bd6 34.Rd2 R4e7 35.Bb1 Qb6 36.b3 Bc8 37.Ne5
Bxe5 38.fxe5 Bd7 39.Rdc2 Qa7 40.Qd2 Rf8 41.Re1 Re6 42.f4 f5 43.exf6+
Rfxf6 44.Rcc1 Rxe1 45.Rxe1 Re6 46.Rxe6 Bxe6 47.f5 Bxf5 48.Bxf5
gxf5 49.Qg5+ Kh8 50.Qxh5+ Kg7 51.Qg5+ Kh8 52.Qf6+ Kg8 53.Kh3
Qd7 54.h5 Qe8 55.Qxf5 Qe3 56.Qg6+ Kh8 57.Qf6+ Kh7 58.h6 Qxh6+
59.Qxh6+ Kxh6 60.Kg4 Kg6 61.Kf4 Kf6 62.g4 1-0

[Event "SM-gruppen"]
[Site "Kungsör"]
[Date "2009.07.02"]
[Round "5"]
[White "Grandelius, Nils"]
[Black "Tikkanen, Hans"]
[Result "0-1"]
[WhiteElo "2491"]
[BlackElo "2425"]
[Annotator ""]

1.e4 e5 2.Nf3 Nc6 3.Bb5 a6 4.Ba4 Nf6 5.O-O Be7 6.Re1 b5 7.Bb3
d6 8.c3 O-O 9.d4 Bg4 10.Be3 exd4 11.cxd4 d5 12.e5 Ne4 13.Nc3
Nxc3 14.bxc3 Na5 15.Bc2 Nc4 16.h3 Bh5 17.Bf5 a5 18.Kh2 Bg6 19.Bxg6
hxg6 20.Qd3 Ra6 21.Rab1 b4 22.Nd2 Nxd2 23.Bxd2 Qa8 24.Rec1 c6
25.cxb4 axb4 26.Bxb4 Bxb4 27.Rxb4 Rxa2 28.Rc2 Qa7 29.Rxa2 Qxa2
30.Qe3 Qc2 31.Rb7 Qf5 32.Re7 g5 33.g3 Ra8 34.e6 fxe6 35.Rxe6
Ra2 36.Re8+ Kf7 37.Re7+ Kf6 38.Kg1 Qxf2+ 39.Qxf2+ Rxf2 40.Rxg7
Rc2 41.Rc7 Kf5 42.h4 gxh4 43.gxh4 Kg4 44.Kf1 Kf3 45.Kg1 Rg2+
46.Kf1 Rg6 47.Re7 Rh6 48.Ke1 Rxh4 49.Kd2 Rxd4+ 50.Kc3 Re4 51.Rc7
Ke2 52.Rxc6 d4+ 53.Kb2 d3 54.Rh6 d2 55.Rh2+ Kd3 56.Rh3+ Re3 57.Rxe3+
Kxe3 58.Kc2 Ke2 0-1

[Event "SM-gruppen"]
[Site "Kungsör"]
[Date "2009.07.02"]
[Round "5"]
[White "Hillarp Persson, Tiger"]
[Black "Åkesson, Ralf"]
[Result "1-0"]
[WhiteElo "2618"]
[BlackElo "2493"]
[Annotator ""]

1.e4 c5 2.Nf3 e6 3.c3 Nf6 4.d3 Nc6 5.g3 d5 6.Nbd2 Be7 7.Bg2 O-O
8.O-O b5 9.Re1 a5 10.exd5 exd5 11.d4 cxd4 12.cxd4 Bf5 13.Nf1
Rc8 14.Ne5 Bb4 15.Bd2 Bxd2 16.Qxd2 Qb6 17.Nxc6 Rxc6 18.Ne3 Be4
19.f3 Bg6 20.Rac1 b4 21.Bh3 h6 22.Kf2 Rd8 23.Rxc6 Qxc6 24.Rc1
Qa4 25.b3 Qa3 26.Bf5 a4 27.bxa4 Ra8 28.g4 Qxa4 29.Kg3 Qxa2 30.Qxb4
Re8 31.Re1 Kh7 32.Qc3 Rb8 33.Ra1 Qe2 34.Re1 Qa6 35.Qc7 Re8 36.Qxf7
Bxf5 37.Nxf5 Rg8 38.Qe6 Qd3 39.Qe3 Qc2 40.Qe2 Qc3 41.Qe3 Qc2
42.Re2 Qc4 43.Qd2 Qb3 44.Qe3 Qc4 45.Qe6 Qc1 46.Re1 Qc3 47.Ne7
Ra8 48.Qe3 Qc7+ 49.Qf4 Qc3 50.Qe3 Qc7+ 51.Qf4 Qc3 52.Rc1 Qb4
53.Qf5+ Kh8 54.Rc8+ Rxc8 55.Qxc8+ Kh7 56.Qf5+ Kh8 57.Qc8+ Kh7
58.Qf5+ Kh8 59.Qe5 Qb1 60.Qe3 Qb8+ 61.Kg2 Qb2+ 62.Qf2 Qb1 63.Qe2
Qb4 64.Nf5 Qa3 65.Qe7 Qxe7 66.Nxe7 g5 67.h4 gxh4 68.Kh3 Kg7 69.Kxh4
Kf7 70.Nf5 Kg6 71.Ne3 Kf7 72.Kg3 Ke6 73.Nf5 Nh5+ 74.Kf2 1-0

[Event "SM-gruppen"]
[Site "Kungsör"]
[Date "2009.07.02"]
[Round "5"]
[White "Johansson, Jan"]
[Black "Hänninger, Simon"]
[Result "1/2-1/2"]
[WhiteElo "2440"]
[BlackElo "2167"]
[Annotator ""]

1.e4 c6 2.d4 d5 3.e5 Bf5 4.Nf3 e6 5.Be2 Nd7 6.O-O Bg4 7.Nbd2
Ne7 8.h3 Bxf3 9.Nxf3 c5 10.dxc5 Nc6 11.c4 dxc4 12.Bxc4 Bxc5 13.Qe2
Qc7 14.Bf4 O-O 15.Rac1 Be7 16.Bd3 Rfd8 17.Bb1 Nf8 18.Rc4 Rd7
19.Rfc1 Ng6 20.Bg3 Bf8 21.Ng5 Be7 22.h4 Bxg5 23.hxg5 Qd8 24.Qe3
Qa5 25.f4 Rad8 26.Kh2 Nge7 27.Be1 Qa6 28.f5 Nxf5 29.Bxf5 exf5
30.e6 Re7 31.exf7+ Rxf7 32.Rh4 Qd3 33.Qxd3 Rxd3 34.Bc3 Re7 35.Rf1
g6 36.Rhf4 Ree3 37.Rc4 Kf7 38.Rff4 Re2 39.Rh4 Kg8 40.Rhf4 Ree3
41.Rc5 Rd7 42.Rh4 Red3 43.Rh3 R3d5 44.Rc4 Re7 45.Kg1 Re2 46.Rch4
Rd1+ 47.Kh2 Rd7 48.Rc4 Re8 49.Rc5 Rd6 50.Rc4 Rd7 51.Rc5 Re4 52.b4
Re8 53.b5 Nd8 54.Rc8 Rf8 55.Bb4 Re8 1/2-1/2

[Event "SM-gruppen"]
[Site "Kungsör"]
[Date "2009.07.02"]
[Round "5"]
[White "Semcesen, Daniel"]
[Black "Berg, Emanuel"]
[Result "1/2-1/2"]
[WhiteElo "2387"]
[BlackElo "2610"]
[Annotator ""]

1.Nf3 Nf6 2.c4 g6 3.Nc3 Bg7 4.d4 O-O 5.e4 d6 6.h3 e5 7.d5 a5
8.Bg5 Na6 9.Nd2 Qe8 10.g4 Nd7 11.Rg1 Kh8 12.Be2 Ndc5 13.a3 a4
14.Qc2 f5 15.gxf5 gxf5 16.O-O-O fxe4 1/2-1/2

[Event "SM-gruppen"]
[Site "Kungsör"]
[Date "2009.07.03"]
[Round "6"]
[White "Berg, Emanuel"]
[Black "Hillarp Persson, Tiger"]
[Result "1-0"]
[WhiteElo "2610"]
[BlackElo "2618"]
[Annotator ""]

1.e4 c5 2.Nf3 d6 3.d4 cxd4 4.Nxd4 Nf6 5.Nc3 a6 6.Bg5 e6 7.f4
Be7 8.Qf3 Qc7 9.O-O-O Nbd7 10.Bd3 h6 11.Qh3 Nb6 12.Rhe1 e5 13.Nf5
Bxf5 14.exf5 O-O-O 15.Bxf6 Bxf6 16.fxe5 Bxe5 17.f6+ Kb8 18.fxg7
Bxg7 19.Be4 Bxc3 20.Qxc3 Qxc3 21.bxc3 Rhe8 22.Bf3 Kc7 23.Rxe8
Rxe8 24.Rd4 f5 25.c4 Nd7 26.Rh4 Re6 27.Bd5 Rf6 28.Kd2 Kb6 29.Rf4
Ne5 30.Kc3 Ng4 31.Rf1 Ne3 32.Rb1+ Kc5 33.Bxb7 Nxc4 34.Bxa6 Ne3
35.a4 Nd5+ 36.Kd2 Rg6 37.Rb5+ Kd4 38.c3+ Nxc3 39.Rb4+ Kc5 40.Kxc3
Rxg2 41.Rb5+ 1-0

[Event "SM-gruppen"]
[Site "Kungsör"]
[Date "2009.07.03"]
[Round "6"]
[White "Ernst, Thomas"]
[Black "Nithander, Victor"]
[Result "1-0"]
[WhiteElo "2414"]
[BlackElo "2422"]
[Annotator ""]

1.e4 c5 2.Nf3 Nc6 3.d4 cxd4 4.Nxd4 Nf6 5.Nc3 e5 6.Ndb5 d6 7.Bg5
a6 8.Na3 b5 9.Bxf6 gxf6 10.Nd5 Bg7 11.Bd3 Ne7 12.Nxe7 Qxe7 13.c4
f5 14.O-O O-O 15.Qf3 d5 16.cxd5 fxe4 17.Bxe4 Rb8 18.Rad1 Rb6
19.Qd3 Rd8 20.Bxh7+ Kf8 21.Bf5 Bb7 22.Be4 Rbd6 23.Nc2 f5 24.Qf3
Qf7 25.Qxf5 Bxd5 26.Rxd5 Qxf5 27.Rxd6 Qc8 28.Rc6 Qg4 29.f3 Qg5
30.Rxa6 Rd2 31.Rg6 Qe7 32.Kh1 Qa7 33.h3 Kf7 34.a3 Bf6 35.Rh6
Qc5 36.Nb4 Qe3 37.Rh7+ Bg7 38.Rc1 Rd7 39.Nd3 Qd2 40.Rc6 Rxd3
41.Bxd3 Qxd3 42.Rc7+ Ke6 43.Rhxg7 Qb1+ 44.Kh2 Qxb2 45.Rb7 Qe2
46.Rb6+ Kf5 47.h4 Qf2 48.Rf7# 1-0

[Event "SM-gruppen"]
[Site "Kungsör"]
[Date "2009.07.03"]
[Round "6"]
[White "Glimbrant, Torbjörn"]
[Black "Semcesen, Daniel"]
[Result "1/2-1/2"]
[WhiteElo "2244"]
[BlackElo "2387"]
[Annotator ""]

1.e4 e5 2.Nf3 Nc6 3.Bb5 a6 4.Ba4 Nf6 5.O-O Be7 6.Re1 b5 7.Bb3
d6 8.c3 O-O 9.h3 a5 10.d4 a4 11.Bc2 Bd7 12.Nbd2 Re8 13.Nf1 Bf8
14.Ng3 h6 15.Nh2 Na5 16.f4 Nc4 17.Rf1 exf4 18.Rxf4 c5 19.Rb1
cxd4 20.cxd4 g6 21.Qf3 Bg7 22.b3 axb3 23.axb3 Na3 24.Bxa3 Rxa3
25.Rf1 Nh7 26.e5 Ng5 27.Qd3 dxe5 28.Rxf7 e4 29.Rxg7+ Kxg7 30.Qc3
Qc8 31.Qb2 b4 32.h4 Qc7 33.d5+ Qe5 34.Qxe5+ Rxe5 35.hxg5 Rxg5
36.Nxe4 Rxd5 37.Nf6 Rd2 38.Nxd7 Rxc2 39.Nf3 Raa2 40.Ne1 Re2 41.Nc5
Rab2 42.Ncd3 Rb1 43.Nf3 Rxf1+ 44.Kxf1 Re4 45.Kf2 g5 46.Nd2 Rd4
47.Ke3 Rg4 48.Kf3 Rd4 49.Ke3 Rg4 50.Kf3 Rd4 51.Ke3 Rg4 1/2-1/2

[Event "SM-gruppen"]
[Site "Kungsör"]
[Date "2009.07.03"]
[Round "6"]
[White "Hänninger, Simon"]
[Black "Brynell, Stellan"]
[Result "1/2-1/2"]
[WhiteElo "2167"]
[BlackElo "2463"]
[Annotator ""]

1.e4 e6 2.Nc3 d5 3.Nf3 Nf6 4.e5 Nfd7 5.d4 c5 6.dxc5 Nc6 7.Bf4
Be7 8.Bd3 Nxc5 9.O-O a6 10.a3 O-O 11.Re1 b5 12.Bf1 f5 13.exf6
Bxf6 14.Ne5 Nxe5 15.Bxe5 Ne4 16.Bxf6 Qxf6 17.Nxe4 dxe4 18.Qe2
Bb7 1/2-1/2

[Event "SM-gruppen"]
[Site "Kungsör"]
[Date "2009.07.03"]
[Round "6"]
[White "Johansson, Jan"]
[Black "Grandelius, Nils"]
[Result "1/2-1/2"]
[WhiteElo "2440"]
[BlackElo "2491"]
[Annotator ""]

1.d4 Nf6 2.Nf3 g6 3.c4 Bg7 4.Nc3 d5 5.Bg5 dxc4 6.e4 c5 7.d5 b5
8.e5 b4 9.Nb5 a6 10.Bxc4 O-O 11.exf6 exf6 12.Be3 axb5 13.Bxb5
Qa5 14.Bc4 f5 15.Qc1 Ba6 16.Nd2 Qc7 17.O-O Nd7 18.Bxa6 f4 19.Bxc5
Nxc5 20.Bc4 Rfc8 21.Rb1 Ne4 22.Nxe4 Qxc4 23.Qxc4 Rxc4 24.Rfe1
Rd8 25.d6 f5 26.Ng5 Bf6 27.Nf3 Rxd6 28.h4 Rc2 29.Re8+ Kg7 30.Rb8
Re6 31.Rb7+ Kh6 32.Rd1 Re7 33.Rxe7 Bxe7 34.Rd2 Rc1+ 35.Kh2 Ra1
36.b3 Bf6 37.Re2 Kh5 38.g3 fxg3+ 39.fxg3 f4 40.Kg2 Rc1 41.Rd2
fxg3 42.Kxg3 Rc5 43.Rd7 h6 44.Rb7 Bc3 45.Re7 Ra5 46.Re2 Ra8 47.Kh3
Rd8 48.Kg3 Rd3 49.Re6 g5 50.hxg5 hxg5 51.Re4 Rd5 52.Re2 Bf6 53.Re4
Bd8 54.Rc4 Ra5 55.Rc2 Rf5 56.Nd4 Rf7 57.Ne6 Be7 58.Rc6 Rf6 59.Ng7+
Kg6 60.Rxf6+ Bxf6 61.Ne6 Kf5 62.Nc5 Be7 63.Nd3 Ke4 64.Ne1 Kf5
65.Nd3 Bd6+ 66.Kf3 Bf8 67.Ne1 Be7 68.Nc2 g4+ 69.Kg2 Bc5 70.Na1
Bd6 71.Nc2 Ke4 72.Kf2 Kf4 73.Kg2 Bc5 74.Na1 Bd6 75.Nc2 Ke4 76.Kf2
Kf4 77.Kg2 Bc5 78.Na1 Bd4 79.Nc2 Bc3 80.a3 bxa3 81.Nxa3 Bb4 82.Nc2
Bc5 83.b4 Bxb4 84.Nxb4 Ke5 1/2-1/2

[Event "SM-gruppen"]
[Site "Kungsör"]
[Date "2009.07.03"]
[Round "6"]
[White "Tikkanen, Hans"]
[Black "Cramling, Pia"]
[Result "0-1"]
[WhiteElo "2425"]
[BlackElo "2528"]
[Annotator ""]

1.d4 d5 2.c4 c6 3.Nf3 e6 4.e3 Nf6 5.b3 Nbd7 6.Bb2 Ne4 7.Bd3 Bb4+
8.Nfd2 f5 9.O-O Bd6 10.Qe1 O-O 11.f3 Nxd2 12.Nxd2 e5 13.cxd5
cxd5 14.dxe5 Nxe5 15.Be2 Nc6 16.e4 d4 17.Bb5 Nb4 18.e5 Be7 19.Qf2
Nc2 20.Rac1 Ne3 21.f4 Nxf1 22.Nxf1 Be6 23.Bxd4 Qa5 24.Bc4 Bxc4
25.Rxc4 Rac8 26.Ne3 Rxc4 27.Nxc4 Qd5 28.h3 b5 29.Nd2 Bh4 30.Qe3
Rd8 31.Nf3 Bg3 32.e6 Qe4 33.e7 Qxe3+ 0-1

[Event "SM-gruppen"]
[Site "Kungsör"]
[Date "2009.07.03"]
[Round "6"]
[White "Åkesson, Ralf"]
[Black "Blomqvist, Erik"]
[Result "1-0"]
[WhiteElo "2493"]
[BlackElo "2436"]
[Annotator ""]

1.d4 d5 2.c4 c6 3.Nc3 Nf6 4.e3 a6 5.Qc2 e6 6.Nf3 c5 7.cxd5 exd5
8.Be2 Nc6 9.Ne5 Qc7 10.Nxc6 Qxc6 11.dxc5 Qxc5 12.O-O Bd6 13.Rd1
O-O 14.b3 Be5 15.Bb2 d4 16.exd4 Bxd4 17.Bf3 Bg4 18.b4 Qg5 19.h4
Qe5 20.Rxd4 Bxf3 21.Qd2 Bc6 22.Re1 Qc7 23.Re3 Rfe8 24.Rg3 Re5
25.a4 b5 26.Rd6 Ne8 27.Nxb5 axb5 28.Bxe5 f6 29.Qa2+ Kh8 30.Rxf6 1-0

[Event "SM-gruppen"]
[Site "Kungsör"]
[Date "2009.07.05"]
[Round "7"]
[White "Blomqvist, Erik"]
[Black "Berg, Emanuel"]
[Result "1/2-1/2"]
[WhiteElo "2436"]
[BlackElo "2610"]
[Annotator ""]

1.e4 c5 2.Nf3 e6 3.d4 cxd4 4.Nxd4 a6 5.Nc3 Qc7 6.Bd3 Nf6 7.O-O
Bc5 8.Nb3 Be7 9.f4 d6 10.a4 Nc6 11.a5 b5 12.axb6 Qxb6+ 13.Kh1
O-O 14.Qf3 Nb4 15.Be3 Qb8 16.e5 dxe5 17.fxe5 Nfd5 18.Nxd5 exd5 1/2-1/2

[Event "SM-gruppen"]
[Site "Kungsör"]
[Date "2009.07.05"]
[Round "7"]
[White "Brynell, Stellan"]
[Black "Ernst, Thomas"]
[Result "1/2-1/2"]
[WhiteElo "2463"]
[BlackElo "2414"]
[Annotator ""]

1.d4 d5 2.c4 e6 3.Nc3 Nf6 4.Bg5 Be7 5.e3 O-O 6.Nf3 h6 7.Bh4 b6
8.Bd3 Bb7 9.O-O Nbd7 10.Qe2 c5 11.Bg3 Ne4 12.cxd5 exd5 13.Rfd1
Nxg3 14.hxg3 c4 15.Bc2 Nf6 16.Ne5 Bb4 17.a3 Ba5 18.Ng4 Re8 19.Nxf6+
Qxf6 20.Qf3 Qg5 21.Rac1 a6 22.b4 cxb3 23.Bxb3 Red8 24.Rc2 Rac8
25.Rdc1 b5 26.Ne4 Rxc2 27.Rxc2 Qg6 28.Nc5 Bc8 29.Rc1 Bd2 30.Rc2
Ba5 31.Rc1 Bd2 32.Rc2 1/2-1/2

[Event "SM-gruppen"]
[Site "Kungsör"]
[Date "2009.07.05"]
[Round "7"]
[White "Cramling, Pia"]
[Black "Johansson, Jan"]
[Result "1-0"]
[WhiteElo "2528"]
[BlackElo "2440"]
[Annotator ""]

1.d4 Nf6 2.Nf3 e6 3.c4 Bb4+ 4.Nbd2 b6 5.a3 Bxd2+ 6.Qxd2 O-O 7.e3
d6 8.Be2 a5 9.b3 Nbd7 10.Bb2 Bb7 11.O-O Ne4 12.Qd3 f5 13.Ne1
Qe7 14.f3 Nef6 15.Qc2 e5 16.d5 c5 17.dxc6 Bxc6 18.Rd1 g6 19.Nd3
e4 20.Nf2 exf3 21.Bxf3 Bxf3 22.gxf3 Qxe3 23.Rxd6 Ne5 24.Bxe5
Qxe5 25.Rfd1 Rae8 26.Qd2 f4 27.Qd4 Qg5+ 28.Kh1 Qh4 29.Qxb6 Re2
30.Kg1 Qg5+ 31.Kf1 Re3 32.Rd8 Rxf3 33.Rxf8+ Kxf8 34.Rd8+ Ne8
35.Rxe8+ 1-0

[Event "SM-gruppen"]
[Site "Kungsör"]
[Date "2009.07.05"]
[Round "7"]
[White "Grandelius, Nils"]
[Black "Hänninger, Simon"]
[Result "1-0"]
[WhiteElo "2491"]
[BlackElo "2167"]
[Annotator ""]

1.Nf3 Nf6 2.g3 d5 3.Bg2 c5 4.O-O Bf5 5.d4 e6 6.c4 Nc6 7.cxd5
Nxd5 8.Re1 Nf6 9.Qa4 Qa5 10.Qxa5 Nxa5 11.Nc3 Rd8 12.e4 Bg4 13.d5
Bxf3 14.Bxf3 exd5 15.e5 Ne4 16.Nxd5 Rxd5 17.Bxe4 Rxe5 18.Bd2
Nc4 19.Bd5 1-0